Loading...

Growth of the English Novel /

Bibliographic Details
Main Author: Church, R.
Format: Printed Book
Language:English
Published: Methuen & Co., 1968.
LEADER 00342nam a2200109Ia 4500
008 150624b xxu||||| |||| 00| 0 eng d
100 |a Church, R. 
245 |a Growth of the English Novel /  |c R. Church 
260 |b Methuen & Co.,  |c 1968. 
942 |c BK 
999 |c 2573  |d 2573 
952 |0 1  |1 0  |4 0  |7 0  |9 2572  |a UL  |b UL  |c ST1  |d 1998-09-01  |l 0  |p 5091  |r 2012-10-27  |w 2012-10-27  |y BK